[Event "GRE-ch U16"]
[Site "Greece"]
[Date "2014.07.09"]
[Round "8"]
[White "Asimakopoulos, Haralampos"]
[Black "Papadopoulos, Zisis"]
[Result "1/2-1/2"]
[WhiteElo "1445"]
[BlackElo "1587"]
[PlyCount "90"]
[EventDate "2014.07.04"]
[EventType "swiss"]
[EventRounds "9"]
[EventCountry "GRE"]
[SourceTitle "EXT 2017"]
[Source "ChessBase"]
[SourceDate "2016.10.25"]
[SourceVersion "1"]
[SourceVersionDate "2016.10.25"]
[SourceQuality "1"]

1. e4 c5 2. Nf3 d6 3. d4 cxd4 4. Nxd4 Nf6 5. Nc3 a6 6. Be2 e5 7. Nb3 Be6 8. Be3 Nbd7 9. 0-0 Rc8 10. f4 Be7 11. Qd2 Qc7 12. Nd5 Bxd5 13. exd5 0-0 14. c4 Ne4 15. Qc2 Nef6 16. Qd3 exf4 17. Bxf4 Ne5 18. Bxe5 dxe5 19. Rac1 Nd7 20. Rfd1 Bd6 21. h3 a5 22. Bg4 b6 23. c5 bxc5 24. Bxd7 Qxd7 25. Nxa5 Ra8 26. Qc3 Qc7 27. Nc4 Rfc8 28. a3 Rab8 29. Rc2 f6 30. Qd3 g6 31. Re2 Rb7 32. Rf1 Kg7 33. Rc2 Rcb8 34. Rc3 h5 35. Rfc1 Rc8 36. Nxd6 Qxd6 37. b4 Rbc7 38. bxc5 Rxc5 39. Rxc5 Rxc5 40. Rxc5 Qxc5+ 41. Kh2 e4 42. Qxe4 Qd6+ 43. Kh1 Qxa3 44. Qe6 Qc1+ 45. Kh2 Qf4+ 1/2-1/2